00649nam a22002057a 450000500170000001000120001702000230002903500120005203700160006404000120008008200200009210000170011224500930012926000410022227000590026330000240032250000510034665000190039765000270041620170124105920.0 aB-92483 c400.00a8173914869 aB-92483 bCen Lib/Ret aDPLbEN a306.095453bORA aOraon, Karma aDimension of religion, magic and festival of Indian tribe :cby Karma Oraonbthe munda / aNew DelhibKanishka publishersc2002 bNew Delhia4697/5-21A, Ansari Road, Darya Ganje110002 axii,140p.c23cm(Hb) aIncludes bibliographical references and index aReligion-munda aTribes-munda-Jharkhand